00460nam a22001217a 4500082001700000245010500017260003800122300001000160563000800170942001200178999001900190952012900209 a346.044bLAN aLand Law:b1998-1999 LLB Examination Questions and Suggested Solutions /cSolutions by Allan Coombes aLondon:bOld Bailey Press,c2001. a95 p. aPB. 2ddccBK c613820d613820 00102ddc406346_044000000000000_LAN709639762aNLSbNLSd2025-05-29l0o346.044 LANpNLSD-124r2025-05-29w2025-05-29yBK